| 000 | 00351 a2200121 4500 | ||
|---|---|---|---|
| 005 | 20250628161313.0 | ||
| 020 | _a9987-694-16-0 | ||
| 100 | _aMGIMWA, W. A | ||
| 245 | _aAdvanced Credit Operations: Bankers Workbook Series | ||
| 260 |
_aDar es Salaam _bThe Tanzania Institute of Bankers _c2009 |
||
| 300 |
_avi, 149p.: ill; Table _c25.8cm |
||
| 942 |
_2ddc _cBKS |
||
| 999 |
_c6107 _d6107 |
||